000 01341nam a2200337Ia 4500
001 ebr10201262
003 CaPaEBR
006 m u
007 cr cn|||||||||
008 020930s2002 enk sb 001 0 eng d
020 _z9781860943249
020 _z9781860949562
020 _z1860943241
040 _aCaPaEBR
_cCaPaEBR
035 _a(OCoLC)560448666
050 1 4 _aQA329.7
_b.J336 2002eb
100 1 _aJacob, Niels.
245 1 0 _aGenerators and their potential theory
_h[electronic resource] /
_cN. Jacob.
260 _aLondon :
_bImperial College Press,
_cc2002.
300 _axxii, 453 p.
490 1 _aPseudo differential operators & Markov processes ;
_vv. 2
504 _aIncludes bibliographical references and index.
533 _aElectronic reproduction.
_bPalo Alto, Calif. :
_cebrary,
_d2009.
_nAvailable via World Wide Web.
_nAccess may be limited to ebrary affiliated libraries.
650 0 _aSemigroups of operators.
650 0 _aPseudodifferential operators.
650 0 _aPotential theory (Mathematics)
655 7 _aElectronic books.
_2local
710 2 _aebrary, Inc.
800 1 _aJacob, Niels.
_tPseudo differential operators & Markov processes ;
_vv. 2.
856 4 0 _uhttp://site.ebrary.com/lib/rucke/Doc?id=10201262
_zAn electronic book accessible through the World Wide Web; click to view
999 _c119564
_d119564